Adivinhe meu top 15 jogos favoritos de todos os tempos - Statistics

Estatísticas Gerais
  • Esse quiz foi jogado 20 vezes
    18 desde o último reset
  • A pontuação média é 4 de 15
Estatísticas das Respostas
POSIÇÃO NO TOP 10 Dica 1 Dica 2 Jogo % Correto
6 É da rockstar Pra muitos, o GOAT dos Jogos Grand Theft Auto V
100%
5 Foi indicado a GOTY em 2018 Se pareou com um jogo da warner na categoria de melhores jogos de super herói Spider Man
46%
14 É da ubisoft Pra muitos, o jogo de pirata definitivo Assassins Creed Black Flag
38%
15 Um dos jogos de sobrevivencia mais consolidados Se passa em um planeta composto de 99% água Subnautica
38%
4 Lançado em 2016 e publicado pela Microsoft Pra mim, o jogo de corrida que mais me marcou, e na saga completa, representa um número ímpar Forza Horizon 3
31%
2 Representa o final de uma trilogia de um personagem da saga Se passa majoritariamente em Constantinopla Assassins Creed Revelations
23%
8 Publicado pela Activison em 2012 Um dos mais marcantes da saga renomada de FPS, a principio era pra ser um spin-off Call of Duty Black Ops 2
23%
7 Lançado em 2012 Pra mim, o jogo de corrida mais atemporal e de melhor qualidade dentro do gênero mundo aberto Forza Horizon 1
23%
3 Lançado em 2013 Dito por muitos como o melhor jogo lego já feito Lego Marvel Super Heroes
23%
1 Ganhou GOTY em 2015 Um dos RPGs mais consagrados da história The Witcher 3
15%
11 Lançado pela TT Games em 2011 " Its CAPTAIN Jack Sparrow" Lego Pirates of the Caribbean
8%
10 Feito pela NetherRealm em 2015 Clássico do gênero de luta com gráficos sombrios, escuros e detalhados até os dias de hoje Mortal Kombat X
8%
13 Publicado pela TeamI7 em 2023 RPG de aventura e terror, bem lovecraftiano ( horror sobrenatural com criaturas gigantes ) e meu jogo indie favorito Dredge
0%
12 Publicado pela Bandai Namco em 2016 Somente o melhor jogo de anime e luta ja feito, redefiniu o genero Naruto Ultimate Ninja Storm 4
0%
9 Da SEGA, publicado em 2011 Do ouriço azul mais famoso e sua versão clássica como personagens jogáveis Sonic Generations
0%
Nenhum quiz correspondente encontrado
Distribuição das Pontuações
Porcentagem de Pessoas com Cada Pontuação
Percentil de Números Respondidos
Sua Pontuação Histórica
Você não jogou esse quiz desde o último reset